000 00427nam a22001697a 4500
003 OSt
005 20211103113028.0
008 211103b |||||||| |||| 00| 0 eng d
020 _a1561343196
040 _cHU
082 _a305.800973/SOU
100 _aADALBERTO AGUIRRE , JR.
_916746
245 _aSOURCES NOTABLE SEECTIONS IN RACE AND ETHNICITY
260 _aAMERICA
_bINC
_c1995
300 _a414P
942 _2ddc
_cBOOKS
_n0
999 _c16464
_d16464